Loading...
Modern textbook of zoology : invertebrates /
| Main Author: | |
|---|---|
| Format: | Printed Book |
| Language: | English |
| Published: |
Meerut :
Rastogi,
1996
|
| LEADER | 00527nam a22001577a 4500 | ||
|---|---|---|---|
| 003 | OSt | ||
| 005 | 20200624134540.0 | ||
| 008 | 151209b xxu||||| |||| 00| 0 eng d | ||
| 082 | |a 592 KOT/I | ||
| 100 | |a Kotpal, R. L. | ||
| 245 | |a Modern textbook of zoology : |b invertebrates / |c R. L. Kotpal | ||
| 260 | |a Meerut : |b Rastogi, |c 1996 | ||
| 300 | |a 648p. | ||
| 942 | |2 ddc |c BK | ||
| 999 | |c 324331 |d 324331 | ||
| 952 | |0 0 |1 0 |2 ddc |4 0 |6 592_000000000000000_KOT_I |7 0 |9 370828 |a CSC |b CSC |c ST1 |d 2015-12-09 |i 8195 |l 0 |o 592 KOT/I |p CSC8195 |r 2015-12-09 |w 2015-12-09 |y BK | ||